Look to the rock : an old testament background to our understanding of Christ /
-д хадгалсан:
| Үндсэн зохиолч: | |
|---|---|
| Формат: | Ном |
| Хэл сонгох: | англи |
| Хэвлэсэн: |
England :
Inter - Varsity Press Publisher,
c1996.
|
| Нөхцлүүд: | |
| Шошгууд: |
Шошго байхгүй, Энэхүү баримтыг шошголох эхний хүн болох!
|
MARC
| LEADER | 00000cam a22000002a 4500 | ||
|---|---|---|---|
| 001 | 0000010780 | ||
| 003 | DAYSTAR | ||
| 005 | 20171002014650.0 | ||
| 008 | 030703s1996 xx 001 0 eng d | ||
| 020 | |a 0851111688 | ||
| 040 | |a Daystar | ||
| 040 | |d Nmicheni | ||
| 050 | 0 | 0 | |a BS 2387 |b .M68 |
| 100 | 1 | |a Motyer, Alec. | |
| 245 | 1 | 0 | |a Look to the rock : |b an old testament background to our understanding of Christ / |c Alec Motyer. |
| 260 | |a England : |b Inter - Varsity Press Publisher, |c c1996. | ||
| 300 | |a 255 p. | ||
| 504 | |a Includes bibliography and index. | ||
| 630 | 0 | 0 | |a Bible N.T. |x Relation to O.T. |
| 650 | 0 | |a Jesus Christ |x Person and Offices. | |
| 908 | |a 060412 | ||
| 942 | |c G | ||
| 952 | |0 0 |1 0 |4 0 |6 BS_2387_000000000000000_M68 |7 0 |9 5387 |a DUA |b DUA |c GC |d 2017-09-28 |l 0 |o BS 2387.M68 |p BK003683 |r 2017-09-28 00:00:00 |w 2017-09-28 |x 60140 |y G | ||
| 952 | |0 4 |1 0 |4 0 |6 BS2387 M68 |7 0 |9 5388 |a DUN |b DUN |c STORE |d 2017-09-28 |l 0 |o BS 2387.M68 |p BK026827 |r 2017-09-28 00:00:00 |w 2017-09-28 |x 60139 |y G | ||
| 999 | |c 3552 |d 3552 | ||